Exploring bhattacharyya based size estimation technique for non-rigid objects in video sequences (Record no. 322739)
[ view plain ]
| 000 -LEADER | |
|---|---|
| fixed length control field | 00446 a2200133 4500 |
| 001 - CONTROL NUMBER | |
| control field | 87666 |
| 082 ## - DEWEY DECIMAL CLASSIFICATION NUMBER | |
| Classification number | PR 43 |
| 090 ## - LOCALLY ASSIGNED LC-TYPE CALL NUMBER (OCLC); LOCAL CALL NUMBER (RLIN) | |
| -- | 41125 |
| -- | 41125 |
| 100 ## - MAIN ENTRY--PERSONAL NAME | |
| Personal name | Arooj Naeem, Plt Off 15475 70(B) EC |
| 245 ## - TITLE STATEMENT | |
| Title | Exploring bhattacharyya based size estimation technique for non-rigid objects in video sequences |
| 260 ## - PUBLICATION, DISTRIBUTION, ETC. | |
| Place of publication, distribution, etc. | Risalpur |
| Name of publisher, distributor, etc. | CAE PAF Academy Risalpur |
| Date of publication, distribution, etc. | 2011 |
| 300 ## - PHYSICAL DESCRIPTION | |
| Extent | ix, 40p. |
| Accompanying material | Muhammad Tayyab Riaz Janjua, Wg Cdr |
| 500 ## - GENERAL NOTE | |
| General note | BE Project Reports |
| 942 ## - ADDED ENTRY ELEMENTS (KOHA) | |
| Institution code [OBSOLETE] | CAE NUST |
| Call number prefix | PR 43 |
| Withdrawn status | Lost status | Damaged status | Not for loan | Collection code | Permanent Location | Current Location | Date acquired | Total Checkouts | Full call number | Barcode | Date last seen | Price effective from | Koha item type |
|---|---|---|---|---|---|---|---|---|---|---|---|---|---|
| College of Aeronautical Engineering (CAE) | College of Aeronautical Engineering (CAE) | 04/03/2017 | PR 43 | CAEPR-43 | 04/05/2017 | 04/05/2017 | Book |
